[Event "FRA-ch op-D"]
[Site "Caen"]
[Date "2011.08.18"]
[Round "3"]
[White "Wolfangel, Jocelyne"]
[Black "Paris, Christophe"]
[Result "1-0"]
[WhiteElo "1438"]
[BlackElo "1480"]
[PlyCount "69"]
[EventDate "2011.08.16"]
[EventType "swiss"]
[EventRounds "9"]
[EventCountry "FRA"]
[SourceTitle "EXT 2012"]
[Source "ChessBase"]
[SourceDate "2011.11.24"]
[SourceVersion "1"]
[SourceVersionDate "2011.11.24"]
[SourceQuality "1"]

1. d4 g6 2. Nf3 Bg7 3. c4 b5 4. e3 Nf6 5. cxb5 a6 6. Nc3 axb5 7. Bxb5 c6 8. Bd3 d6 9. 0-0 h6 10. Qc2 g5 11. Ne4 Nxe4 12. Bxe4 d5 13. Bd3 Bg4 14. Ne1 e6 15. f3 Bf5 16. Bxf5 exf5 17. Qxf5 Ra7 18. Qc2 0-0 19. b3 f5 20. Bb2 h5 21. Nd3 Qc7 22. Nc5 Qd6 23. Nd3 Nd7 24. a4 Rc7 25. b4 g4 26. fxg4 hxg4 27. Nc5 Bh6 28. Bc1 f4 29. Nxd7 Rxd7 30. exf4 Bxf4 31. Bxf4 Rxf4 32. Rxf4 Qxf4 33. Qg6+ Kh8 34. Qe8+ Kh7 35. Qxd7+ 1-0